01165nam a2200193Ia 4500001001100000003001000011008004100021040002500062041001300087100003100100245007900131250001100210260008400221300001200305500026000317501011400577520026000691650002000951L301-56593IT-CnALBA170116s9999||||xx |||||||||||||| ||und|| aIT-CnALBAcIT-CnALBA aITALIANO aSILVERI-GENTILONI FILIPPO. 0aCONSERVATORI SENZA PARTITO. UN TENTATIVO FALLITO NELL'ITALIA GIOLITTIANA.  a1a ed. a ROMAbSTUDIUM CHRISTI EDITRICE c1999 [1° Ed.:1999 - Ed.Ling.Originale: 1999] a258 p.  aLA CULTURA. SVOLTA 1904. COORDINAZIONE FORZE CONSERVATIVE. DAL MINIMO PROGRAMMA AL PARTITO. SCIOPERO GENERALE, ELEZIONI. PROVA DEL GOVERNO. SPERANZA E DELUSIONE. CRITERIO TECNICO E POLITICO DEL GOVERNO. IL RIFORMISMO CONSERVATORE. ALLA RICERCA DI UN PARTI aSocietà San Paolo EM - Piazza San Paolo, 14 - 12051 ALBA (CN) (non commercial uses only) ® Copyright 2017 aLA CULTURA. SVOLTA 1904. COORDINAZIONE FORZE CONSERVATIVE. DAL MINIMO PROGRAMMA AL PARTITO. SCIOPERO GENERALE, ELEZIONI. PROVA DEL GOVERNO. SPERANZA E DELUSIONE. CRITERIO TECNICO E POLITICO DEL GOVERNO. IL RIFORMISMO CONSERVATORE. ALLA RICERCA DI UN PARTI aSCIENZE SOCIALI